| 000 | 00741nmc a2200277 a 4500 | ||
|---|---|---|---|
| 003 | AR-BaBNM | ||
| 005 | 20251128203336.0 | ||
| 008 | 011101s1972 ||||||||||||||000 | spa|| | ||
| 040 | _cAR-BaBNM | ||
| 100 | 1 | _aRodríguez, Juan José | |
| 245 | 1 | 0 | _aCómo organizar y planificar un club científico |
| 250 | _a1ª ed. | ||
| 260 |
_aBuenos Aires _bKapelusz _c1972 |
||
| 300 |
_a31 p. _bil. |
||
| 490 | 0 |
_aCuaderno pedagógico _vv. 16 |
|
| 504 | _aBibliografía p. 31 | ||
| 650 | 4 | _aCLUBES | |
| 650 | 4 | _aACTIVIDADES CIENTIFICAS | |
| 650 | 4 | _aEVALUACION DEL ALUMNO | |
| 650 | 4 | _aINTERACCION | |
| 650 | 4 | _aBIBLIOGRAFIA | |
| 650 | 4 | _aACTIVIDADES FUERA DE PROGRAMA | |
| 653 | _aFERIA DE CIENCIAS | ||
| 942 | _cBK | ||
| 998 | _cCarmen | ||
| 999 |
_c2976 _d2976 |
||